| 000 | 00612nam a2200217 a 4500 | ||
|---|---|---|---|
| 005 | 20210223123718.0 | ||
| 008 | 991125s1986 mad 000 0 spa u | ||
| 020 | _a842395739X | ||
| 035 | _aUPN01000058531 | ||
| 049 | _aI | ||
| 050 | 4 |
_aQE701 H3.98 _b1986 |
|
| 100 | 1 | _aHamilton, W. Roger | |
| 245 | 1 | 3 |
_aLa vida de los animales con pezuñas / _ctr. María Luisa Rodrigo Schellings |
| 260 |
_aMadrid : _bEspasa-Calpe, _c1986 |
||
| 300 |
_a61 p. : _bil |
||
| 440 | 0 | _aIntroducción a la naturaleza | |
| 650 | 4 | _aPALEOBIOLOGIA | |
| 650 | 4 |
_aPALEONTOLOGIA _95271 |
|
| 904 |
_aAC _b058534 |
||
| 905 | _aInfantil | ||
| 999 |
_c58531 _d58531 |
||